00000000nam##2200000za#4500
0019.643576
003CaOODSP
00520210624224231
007cr |||||||||||
008150407|2011||||xxc|||||o    f|0| 0 fre|d
040 |aCaOODSP|bfre
043 |an-cn---
0861 |aEn106-131/2011F-PDF
1101 |aCanada. |bAgence canadienne d'évaluation environnementale.
24510|aProjet de centrale électrique Keeyask, proposé par Keeyask Hydropower Limited Partnership : |h[ressource électronique]|bdocument d'information
260 |aOttawa - Ontario : |bAgence canadienne d'évaluation environnementale |c[2011].
300 |a13p.|bcarte, tableau
500 |a« Consultation publique du 15 décembre au 31 janvier 2012 »--Couverture.
590 |a15-02-Supp|b2015-02-16
69107|aCentrale électrique|2gcpds
69107|aÉvaluation environnementale|2gcpds
77508|tKeeyask Generation Project proposed by the Keeyask Hydropower Limited Partnership : |w(CaOODSP)9.699554
85640|ahttp://publications.gc.ca|qPDF|s230 Ko|uhttps://publications.gc.ca/collections/collection_2014/ec/En106-131-2011-fra.pdf
986 |aNuméro de référence du Registre canadien d’évaluation environnementale: 11-03-64144